000 00306nam a2200133Ia 4500
005 20251222143246.0
008 251222s9999||||xx |||||||||||||| ||spa||
020 _a88-86440-69-3
082 _a458.61/F75M
100 _aForapani, Daniela
245 0 _aItaliano per Medici
264 _bAlma
942 _cLIB
999 _c14762
_d14762